Integrated process management: a quality model. 5.
Piata časť príspevku sa zaoberá úvahami a prístupmi, ktoré treba uplatniť pri realizácii jednotlivých krokov v danom systéme akosti (IPM). Systematický sa porovnáva americký postup s postupom japonských firiem.
Salvato in:
| Autore principale: | |
|---|---|
| Natura: | Capitolo di libro |
| Lingua: | inglese |
| Soggetti: | |
| Tags: |
Nessun Tag, puoi essere il primo ad aggiungerne!!
|
MARC
| LEADER | 00000naa a2200000 4500 | ||
|---|---|---|---|
| 001 | r006276 | ||
| 005 | 20221213084412.0 | ||
| 041 | 0 | |a eng | |
| 044 | |a US | ||
| 245 | 1 | 0 | |a Integrated process management: a quality model. 5. |c R.H. Slater |
| 520 | |a Piata časť príspevku sa zaoberá úvahami a prístupmi, ktoré treba uplatniť pri realizácii jednotlivých krokov v danom systéme akosti (IPM). Systematický sa porovnáva americký postup s postupom japonských firiem. | ||
| 610 | 2 | 0 | |a riadenie kvality |
| 610 | 2 | 0 | |a kvalita |
| 610 | 2 | 0 | |a USA |
| 610 | 2 | 0 | |a Japonsko |
| 610 | 2 | 0 | |a modely ekonomické |
| 100 | 1 | |a Slater, R.H. | |